| 000 | 00961cam a22003011 4500 | ||
|---|---|---|---|
| 999 |
_c20468 _d20468 |
||
| 001 | 7901256 | ||
| 003 | BDDh-ASL | ||
| 005 | 20231015025907.0 | ||
| 008 | 800122s1951 njua b 000 0 eng | ||
| 010 | _a 51013881 | ||
| 015 | _aGB52-4712 | ||
| 035 | _a(OCoLC)5900241 | ||
| 040 |
_aDLC _cIDeKN _dWaChenE _dUk _dDLC _dBDDh-ASL |
||
| 042 | _apremarc | ||
| 050 | 0 | 0 |
_aPJ25 _b.P7 vol. 15 |
| 051 | 0 | 0 |
_aDS38 _b.Y6 |
| 082 |
_a297.09 _bYON |
||
| 100 | 1 |
_aYoung, T. Cuyler _q(Theodore Cuyler), _d1900-1976. |
|
| 245 | 1 | 0 |
_aNear Eastern culture and society: _ba symposium on the meeting of East and West / |
| 260 |
_aPrinceton: _bPrinceton University Press, _c1951. |
||
| 300 |
_ax, 250 p. _billus. _c23 cm. |
||
| 490 | 1 |
_aPrinceton Oriental studies, _vv. 15 |
|
| 504 | _aBibliographical footnotes. | ||
| 650 | 0 | _aIslamic civilization. | |
| 830 | 0 |
_aOriental studies series ; _vv. 15. |
|
| 906 |
_a7 _bcbc _coclcrpl _du _encip _f19 _gy-gencatlg |
||
| 942 |
_2ddc _cBK |
||